000 00696nam a2200193Ia 4500
003 GCL
008 140319s9999 xx 000 0 ara d
040 _aGCL /
_cGCL
082 0 4 _a678.72
_bع م
100 1 _aعدنان محمد على عباس
245 1 0 _aالمطاط :
_bانواعه - دراسة وتحليل - وسائل استخدامه /
_cعدنان محمد على عباس
260 _aالقاهرة :
_bلجنة الاعلام والدراسات المستقبلية
300 _a110 ص ؛
_c20 سم
650 0 4 _aالمطاط
650 0 4 _aالمطاط الصناعى
650 0 4 _aالمطاط الطبيعى
650 0 4 _aالمطاط - صناعة
942 _2ddc
_cBK
999 _c36416
_d36416